Sociology (Record no. 5711)

MARC details
005 - DATE AND TIME OF LATEST TRANSACTION
control field 20250627151522.0
020 ## - INTERNATIONAL STANDARD BOOK NUMBER
International Standard Book Number 0-534-12000-8
082 ## - DEWEY DECIMAL CLASSIFICATION NUMBER
Classification number 301 BRO.
100 ## - MAIN ENTRY--PERSONAL NAME
Author name BROOM, L.
245 ## - TITLE STATEMENT
Title Sociology
260 ## - PUBLICATION, DISTRIBUTION, ETC.
Place of publication, distribution, etc. New York,
Name of publisher, distributor, etc. Wadsworth Cengage Learning,
Date of publication, distribution, etc. 1990.
300 ## - PHYSICAL DESCRIPTION
Extent xi.; 388.; Ill.; picture,
Other physical details Index,
Dimensions 25cm.
700 ## - ADDED ENTRY--PERSONAL NAME
Other authors/Editors BONJEAM. M. C. & BROOM, H. D.
942 ## - ADDED ENTRY ELEMENTS (KOHA)
Source of classification or shelving scheme Dewey Decimal Classification
Koha item type Books
Holdings
Date last seen Total checkouts Full call number Barcode Cost, replacement price Price effective from Koha item type Lost status Source of classification or shelving scheme Damaged status Not for loan Withdrawn status Home library Current library Shelving location Date acquired Cost, normal purchase price
06/27/2025   301BRO DOM0002512 150000.00 06/27/2025 Books   Dewey Decimal Classification       CBE Dodoma CBE Dodoma General Collection 05/12/2009 50000.00